| 000 | 00656nam a2200217 a 4500 | ||
|---|---|---|---|
| 005 | 20210223120423.0 | ||
| 008 | 991125s1991 ag 000 0 spa u | ||
| 020 | _a9505002785 | ||
| 020 | _a9505003668 (4a ed.) | ||
| 035 | _aUPN01000000743 | ||
| 049 | _aCG | ||
| 050 | 4 |
_aBF698.8 B4 _bH8.3 |
|
| 100 | 1 | _aHutt, Max L. | |
| 245 | 1 | 3 |
_aLa adaptación Hutt del test guestáltico de Bender / _cMax L. Hutt. |
| 260 |
_aBuenos Aires : _bGuadalupe, _c1991. |
||
| 300 |
_a247 p. : _bil. |
||
| 440 | 0 |
_aBiblioteca pedagógica. _pProblemática de la educación |
|
| 500 | _a"4a ed. 1991" (reimpresión) | ||
| 650 | 4 |
_aBENDER GESTALT, PRUEBA _93833 |
|
| 905 | _aLibro | ||
| 999 |
_c743 _d743 |
||